[Event "Cheliabinsk Panchenko Memorial op-A"]
[Site "Cheliabinsk"]
[Date "2021.09.21"]
[Round "10"]
[White "Bazyrtsyrenov, Kirill"]
[Black "Dolsonov, Ayusha"]
[Result "1-0"]
[WhiteElo "2138"]
[BlackElo "2302"]
[PlyCount "45"]
[EventDate "2021.09.13"]
[EventType "swiss"]
[EventRounds "10"]
[EventCountry "RUS"]
[SourceTitle "CBM 204 Extra"]
[Source "ChessBase"]
[SourceDate "2021.11.30"]
[SourceVersion "1"]
[SourceVersionDate "2021.11.30"]
[SourceQuality "1"]

1. e4 c5 2. Nf3 d6 3. d4 cxd4 4. Nxd4 Nf6 5. Nc3 a6 6. Be3 e6 7. f3 b5 8. Qd2 Nbd7 9. g4 h6 10. 0-0-0 b4 11. Nce2 d5 12. exd5 Nxd5 13. Nf4 N7f6 14. Bc4 Nxf4 15. Bxf4 Bc5 16. Be5 Bb7 17. g5 hxg5 18. Qxg5 Nh5 19. Qg4 Qe7 20. Rhe1 Bxd4 21. Rxd4 Rd8 22. Bxg7 Bxf3 23. Rxd8+ 1-0

[Event "Cheliabinsk Panchenko Memorial op-A"]
[Site "Cheliabinsk"]
[Date "2021.09.20"]
[Round "9"]
[White "Shaposhnikov, Evgeny"]
[Black "Dolsonov, Ayusha"]
[Result "1-0"]
[WhiteElo "2529"]
[BlackElo "2302"]
[PlyCount "69"]
[EventDate "2021.09.13"]
[EventType "swiss"]
[EventRounds "10"]
[EventCountry "RUS"]
[SourceTitle "CBM 204 Extra"]
[Source "ChessBase"]
[SourceDate "2021.11.30"]
[SourceVersion "1"]
[SourceVersionDate "2021.11.30"]
[SourceQuality "1"]

1. Nf3 Nf6 2. c4 e6 3. Nc3 d5 4. d4 c6 5. g3 Nbd7 6. Bg2 Bd6 7. 0-0 Qe7 8. Nd2 0-0 9. e4 dxe4 10. Ndxe4 Nxe4 11. Nxe4 e5 12. c5 Bc7 13. Re1 h6 14. b4 f5 15. Nd6 e4 16. Bf4 Nf6 17. f3 Be6 18. Be5 Ne8 19. fxe4 Nxd6 20. exf5 Nxf5 21. Bxc7 Qd7 22. Be5 Bd5 23. Bh3 Be6 24. Re4 Rae8 25. Qd3 Qc8 26. Rg4 Rf7 27. Rf1 Rff8 28. Rg6 Kh7 29. Rg4 g6 30. Rgf4 Qd8 31. Bg2 Ne7 32. Bd6 Rxf4 33. gxf4 Bf5 34. Qb3 Rf8 35. Re1 1-0

[Event "Cheliabinsk Panchenko Memorial op-A"]
[Site "Cheliabinsk"]
[Date "2021.09.17"]
[Round "5"]
[White "Rudakov, Sergey S"]
[Black "Dolsonov, Ayusha"]
[Result "0-1"]
[WhiteElo "1965"]
[BlackElo "2302"]
[PlyCount "66"]
[EventDate "2021.09.13"]
[EventType "swiss"]
[EventRounds "10"]
[EventCountry "RUS"]
[SourceTitle "CBM 204 Extra"]
[Source "ChessBase"]
[SourceDate "2021.11.30"]
[SourceVersion "1"]
[SourceVersionDate "2021.11.30"]
[SourceQuality "1"]

1. e4 c5 2. Nf3 d6 3. d4 cxd4 4. Nxd4 Nf6 5. Nc3 a6 6. h3 e5 7. Nde2 Be6 8. Bg5 Nbd7 9. g3 h6 10. Be3 b5 11. Bg2 b4 12. Nd5 Nxd5 13. exd5 Bf5 14. Qd2 Be7 15. 0-0 h5 16. a3 0-0 17. f4 Rc8 18. Rac1 bxa3 19. bxa3 exf4 20. Rxf4 Bg6 21. Nd4 Bg5 22. Rf3 Ne5 23. Rf2 Bxe3 24. Qxe3 Qb6 25. Re1 Rfe8 26. Qd2 Nc4 27. Rxe8+ Rxe8 28. Qc3 Nxa3 29. Qxa3 Qxd4 30. Qxd6 Re1+ 31. Bf1 Rxf1+ 32. Kxf1 Qd1+ 33. Kg2 Be4+ 0-1

[Event "Cheliabinsk Panchenko Memorial op-A"]
[Site "Cheliabinsk"]
[Date "2021.09.14"]
[Round "2"]
[White "Dolsonov, Ayusha"]
[Black "Ismagilov, Igor"]
[Result "1/2-1/2"]
[WhiteElo "2302"]
[BlackElo "2023"]
[PlyCount "112"]
[EventDate "2021.09.13"]
[EventType "swiss"]
[EventRounds "10"]
[EventCountry "RUS"]
[SourceTitle "CBM 204 Extra"]
[Source "ChessBase"]
[SourceDate "2021.11.30"]
[SourceVersion "1"]
[SourceVersionDate "2021.11.30"]
[SourceQuality "1"]

1. e4 c5 2. Nf3 Nc6 3. d4 cxd4 4. Nxd4 Nf6 5. Nc3 e6 6. Ndb5 Bc5 7. Bf4 0-0 8. Bc7 Qe7 9. Bd6 Bxd6 10. Qxd6 Qd8 11. 0-0-0 a6 12. Nd4 Ne7 13. g4 b5 14. Bd3 Bb7 15. g5 Ne8 16. Qg3 Rc8 17. f4 Qb6 18. Qe3 Nd6 19. Rhe1 Nc6 20. Nxc6 Qxc6 21. e5 b4 22. Bxh7+ Kxh7 23. Rxd6 Qc4 24. Rd4 Qc5 25. Qd3+ Kg8 26. Ne4 Bxe4 27. Qxe4 Rc7 28. Kb1 a5 29. h4 Rfc8 30. Rc1 Qb5 31. g6 Rxc2 32. gxf7+ Kxf7 33. Rg1 R8c4 34. Qg6+ Ke7 35. Qxg7+ Kd8 36. Qf8+ Kc7 37. Qd6+ Kb7 38. Qxd7+ Qxd7 39. Rxd7+ Kb6 40. Rd6+ Kb5 41. b3 Rc5 42. Rxe6 a4 43. bxa4+ Kxa4 44. Reg6 Rf2 45. R6g2 Rxf4 46. Re2 Rxh4 47. e6 Rh8 48. e7 Re8 49. Rg4 Rc7 50. Rge4 Ka3 51. R2e3+ Ka4 52. Kb2 Rb7 53. Re5 Rc7 54. R3e4 Rd7 55. Kc2 Rc8+ 56. Kb2 Rd2+ 1/2-1/2

[Event "Cheliabinsk Panchenko Memorial op-A"]
[Site "Cheliabinsk"]
[Date "2021.09.13"]
[Round "1"]
[White "Azarov, Sergei Nikolaevich"]
[Black "Dolsonov, Ayusha"]
[Result "1-0"]
[WhiteElo "2603"]
[BlackElo "2302"]
[PlyCount "71"]
[EventDate "2021.09.13"]
[EventType "swiss"]
[EventRounds "10"]
[EventCountry "RUS"]
[SourceTitle "CBM 204 Extra"]
[Source "ChessBase"]
[SourceDate "2021.11.30"]
[SourceVersion "1"]
[SourceVersionDate "2021.11.30"]
[SourceQuality "1"]

1. e4 c5 2. Nf3 d6 3. d4 cxd4 4. Nxd4 Nf6 5. Nc3 a6 6. Bg5 e6 7. f4 h6 8. Bh4 Qb6 9. a3 Be7 10. Bf2 Qc7 11. Qf3 Nbd7 12. 0-0-0 b5 13. g4 Bb7 14. Bd3 g5 15. f5 e5 16. Nb3 Nc5 17. Nxc5 dxc5 18. Nd5 Nxd5 19. exd5 c4 20. Be4 Bd6 21. h4 0-0-0 22. f6 Kb8 23. hxg5 hxg5 24. Qe3 Bc8 25. Rxh8 Rxh8 26. Qxg5 c3 27. Rd3 cxb2+ 28. Kxb2 Rh2 29. Qe3 Bxg4 30. Qg3 Rxf2 31. Qxf2 Bc5 32. Qg2 Bc8 33. Qg8 Ka7 34. Kb1 Bb7 35. Rc3 Kb6 36. Qe8 1-0

[Event "Belgrade Radnicki IM 2nd"]
[Site "Belgrade"]
[Date "2021.02.21"]
[Round "3"]
[White "Dolsonov, Ayusha"]
[Black "Smirnova, Ekaterina"]
[Result "1-0"]
[WhiteElo "2255"]
[BlackElo "2250"]
[PlyCount "97"]
[EventDate "2021.02.19"]
[EventType "tourn"]
[EventRounds "9"]
[EventCountry "SRB"]
[SourceTitle "CBM 200 Extra"]
[Source "ChessBase"]
[SourceDate "2021.03.31"]
[SourceVersion "1"]
[SourceVersionDate "2021.03.31"]
[SourceQuality "1"]

1. e4 c6 2. Nf3 d5 3. Nc3 Bg4 4. h3 Bxf3 5. Qxf3 e6 6. d3 Nd7 7. g3 Bb4 8. a3 Bxc3+ 9. bxc3 Qa5 10. Bd2 dxe4 11. Qxe4 Ngf6 12. Qe2 Qd5 13. f3 Nh5 14. Kf2 0-0 15. Bg2 Qc5+ 16. Qe3 Qd6 17. Qg5 Nhf6 18. Rhe1 e5 19. Kg1 h6 20. Qh4 Qc5+ 21. Kh2 a5 22. f4 exf4 23. Qxf4 Rfe8 24. c4 Rxe1 25. Bxe1 Re8 26. Bf2 Qh5 27. Bf3 Qg6 28. Re1 Rxe1 29. Bxe1 a4 30. Bf2 h5 31. c5 Nd5 32. Qxa4 Qf6 33. Kg2 Qg5 34. Qd4 N7f6 35. c4 Nc7 36. Qd8+ Nce8 37. Qe7 Qd2 38. d4 Qc2 39. d5 Qxc4 40. dxc6 bxc6 41. Bxc6 Qe6 42. Qxe6 fxe6 43. a4 Nc7 44. a5 Nfd5 45. Bb7 Nb4 46. c6 Kf7 47. Bb6 Nca6 48. Bxa6 Nxa6 49. c7 1-0

[Event "Belgrade Radnicki IM"]
[Site "Belgrade"]
[Date "2021.02.17"]
[Round "8"]
[White "Dolsonov, Ayusha"]
[Black "Smirnova, Ekaterina"]
[Result "1-0"]
[WhiteElo "2255"]
[BlackElo "2250"]
[PlyCount "75"]
[EventDate "2021.02.10"]
[EventType "tourn"]
[EventRounds "9"]
[EventCountry "SRB"]
[SourceTitle "CBM 200 Extra"]
[Source "ChessBase"]
[SourceDate "2021.03.31"]
[SourceVersion "1"]
[SourceVersionDate "2021.03.31"]
[SourceQuality "1"]

1. e4 c6 2. d4 d5 3. exd5 cxd5 4. Bd3 Nc6 5. c3 Qc7 6. h3 Nf6 7. Nf3 g6 8. 0-0 Bg7 9. Re1 0-0 10. Qc2 Nh5 11. Be3 e5 12. dxe5 Nxe5 13. Nxe5 Bxe5 14. Nd2 Nf4 15. Nf3 Bg7 16. Qd2 Nxd3 17. Qxd3 Qc4 18. Qd2 Be6 19. Bd4 Rfe8 20. Bxg7 Kxg7 21. Nd4 Bd7 22. h4 Qc7 23. h5 h6 24. hxg6 fxg6 25. Nf3 Qc5 26. b4 Qc6 27. Ne5 Qd6 28. Qd4 Kh7 29. c4 Be6 30. c5 Qc7 31. Rac1 Rac8 32. b5 b6 33. c6 Re7 34. Rc3 Rce8 35. Nxg6 Kxg6 36. Rg3+ Kh7 37. Qd3+ Kh8 38. Qg6 1-0

[Event "Belgrade Radnicki IM"]
[Site "Belgrade"]
[Date "2021.02.16"]
[Round "7"]
[White "Milanovic, Slavisa"]
[Black "Dolsonov, Ayusha"]
[Result "0-1"]
[WhiteElo "2332"]
[BlackElo "2255"]
[PlyCount "60"]
[EventDate "2021.02.10"]
[EventType "tourn"]
[EventRounds "9"]
[EventCountry "SRB"]
[SourceTitle "CBM 200 Extra"]
[Source "ChessBase"]
[SourceDate "2021.03.31"]
[SourceVersion "1"]
[SourceVersionDate "2021.03.31"]
[SourceQuality "1"]

1. c4 e5 2. Nc3 Nf6 3. Nf3 Nc6 4. a3 d5 5. cxd5 Nxd5 6. Qc2 Be7 7. e3 0-0 8. Nxd5 Qxd5 9. Bd3 Kh8 10. b4 f5 11. e4 fxe4 12. Bxe4 Nd4 13. Qb1 Nxf3+ 14. gxf3 Qf7 15. Bb2 Bf5 16. Bxe5 Rae8 17. 0-0 Bf6 18. d4 Bxe5 19. dxe5 Rxe5 20. Bxf5 Rxf5 21. Qe4 c6 22. Rae1 Rxf3 23. Qe7 Qg6+ 24. Kh1 h6 25. a4 Kh7 26. Re2 R3f7 27. Qe3 Rf4 28. Qe7 Qd3 29. Rg1 Qf3+ 30. Rg2 Rg4 0-1

[Event "Belgrade Radnicki IM"]
[Site "Belgrade"]
[Date "2021.02.13"]
[Round "4"]
[White "Dolsonov, Ayusha"]
[Black "Pavlov, Mark"]
[Result "1/2-1/2"]
[WhiteElo "2255"]
[BlackElo "2158"]
[PlyCount "127"]
[EventDate "2021.02.10"]
[EventType "tourn"]
[EventRounds "9"]
[EventCountry "SRB"]
[SourceTitle "CBM 200 Extra"]
[Source "ChessBase"]
[SourceDate "2021.03.31"]
[SourceVersion "1"]
[SourceVersionDate "2021.03.31"]
[SourceQuality "1"]

1. e4 d6 2. d4 g6 3. Nc3 Bg7 4. f4 Nf6 5. Nf3 0-0 6. Bd3 Nc6 7. e5 dxe5 8. dxe5 Nd5 9. 0-0 Ncb4 10. Be4 c6 11. Qe1 Bf5 12. Nxd5 Nxd5 13. Bxf5 Qb6+ 14. Kh1 gxf5 15. c4 Nb4 16. Be3 c5 17. Qb1 e6 18. a3 Na6 19. b4 Rad8 20. b5 Nb8 21. Qc2 f6 22. Qf2 Nd7 23. Rad1 Qc7 24. Rd6 fxe5 25. fxe5 Nxe5 26. Rxe6 Ng4 27. Qh4 Qd7 28. Re7 Qd3 29. Re1 Rde8 30. Rxe8 Rxe8 31. Bxc5 Rc8 32. Bxa7 Qxc4 33. h3 Ne5 34. Qxc4+ Nxc4 35. Re7 b6 36. a4 Bf8 37. Rd7 Bc5 38. Nd4 f4 39. Nc6 Re8 40. Rd8 Rxd8 41. Nxd8 Be3 42. Ne6 Kf7 43. Nc7 Ke7 44. Nd5+ Ke6 45. Nxe3 fxe3 46. Kg1 Kd6 47. Kf1 Kc7 48. Ke2 Kb7 49. Bxb6 Kxb6 50. g4 Ka5 51. h4 Ne5 52. Kxe3 Kxa4 53. b6 Nxg4+ 54. Kd4 Nf6 55. b7 Nd7 56. Kd5 Kb5 57. h5 h6 58. Kd6 Ka6 59. Ke6 Kxb7 60. Kf5 Kc7 61. Kg6 Kd6 62. Kxh6 Nf6 63. Kg6 Nxh5 64. Kxh5 1/2-1/2

[Event "Belgrade Radnicki IM"]
[Site "Belgrade"]
[Date "2021.02.12"]
[Round "3"]
[White "Abramovic, Bosko"]
[Black "Dolsonov, Ayusha"]
[Result "1-0"]
[WhiteElo "2335"]
[BlackElo "2255"]
[PlyCount "47"]
[EventDate "2021.02.10"]
[EventType "tourn"]
[EventRounds "9"]
[EventCountry "SRB"]
[SourceTitle "CBM 200 Extra"]
[Source "ChessBase"]
[SourceDate "2021.03.31"]
[SourceVersion "1"]
[SourceVersionDate "2021.03.31"]
[SourceQuality "1"]

1. Nf3 Nf6 2. c4 e6 3. g3 b6 4. Bg2 Bb7 5. 0-0 Be7 6. d4 0-0 7. Nc3 Ne4 8. Qc2 Nxc3 9. Qxc3 c5 10. Rd1 d6 11. Qd3 Nc6 12. b3 Bf6 13. Bb2 Qe7 14. e4 Rad8 15. Rd2 e5 16. d5 Nd4 17. Nxd4 exd4 18. f4 Rde8 19. Re2 Qc7 20. Rae1 Re7 21. e5 dxe5 22. d6 Qxd6 23. fxe5 Rxe5 24. Bxb7 1-0

[Event "Belgrade Trophy 34th"]
[Site "Belgrade"]
[Date "2020.12.02"]
[Round "9"]
[White "Abramovic, Bosko"]
[Black "Dolsonov, Ayusha"]
[Result "1/2-1/2"]
[WhiteElo "2336"]
[BlackElo "2264"]
[PlyCount "109"]
[EventDate "2020.11.24"]
[EventType "swiss"]
[EventRounds "9"]
[EventCountry "SRB"]
[SourceTitle "CBM 199 Extra"]
[Source "ChessBase"]
[SourceDate "2021.01.31"]
[SourceVersion "1"]
[SourceVersionDate "2021.01.31"]
[SourceQuality "1"]

1. Nf3 Nf6 2. c4 b6 3. g3 Bb7 4. Bg2 e6 5. 0-0 Be7 6. d4 0-0 7. Nc3 Ne4 8. Qc2 Nxc3 9. Qxc3 c5 10. Rd1 d6 11. Qd3 Qc7 12. dxc5 dxc5 13. Bg5 f6 14. Bd2 Nc6 15. Bh3 Bc8 16. Bc3 e5 17. Bxc8 Raxc8 18. e3 Rcd8 19. Qf5 Qc8 20. Qxc8 Rxc8 21. Rd5 Rfd8 22. Rad1 Kf7 23. Kf1 Ke6 24. Ke2 Rd6 25. g4 Rcd8 26. e4 Nd4+ 27. Bxd4 cxd4 28. Ne1 h5 29. h3 hxg4 30. hxg4 Rh8 31. Nd3 Rc6 32. b3 Rh3 33. a4 Bd6 34. a5 g6 35. axb6 axb6 36. Ra1 f5 37. gxf5+ gxf5 38. exf5+ Kxf5 39. Ra8 Ke4 40. Rf8 Rxd3 41. f3+ Rxf3 42. Rxf3 Bb4 43. Rh3 Rf6 44. Rh4+ Rf4 45. Rh5 Rf5 46. Rxf5 Kxf5 47. Rb5 Bc3 48. Kd3 Kf4 49. Rxb6 e4+ 50. Kc2 Ba5 51. Rd6 d3+ 52. Kd1 Kf3 53. c5 e3 54. Rxd3 Kf2 55. Rxe3 1/2-1/2

[Event "Moscow op-A 14th"]
[Site "Moscow"]
[Date "2018.02.04"]
[Round "9"]
[White "Kirillov, Dmitry1111"]
[Black "Dolsonov, Ayusha"]
[Result "1/2-1/2"]
[WhiteElo "2086"]
[BlackElo "2218"]
[PlyCount "131"]
[EventDate "2018.01.27"]
[EventType "swiss"]
[EventRounds "9"]
[EventCountry "RUS"]
[SourceTitle "CBM 182 Extra"]
[Source "ChessBase"]
[SourceDate "2018.02.23"]
[SourceVersion "1"]
[SourceVersionDate "2018.02.23"]
[SourceQuality "1"]

1. e4 c5 2. Nf3 d6 3. Bb5+ Bd7 4. Bxd7+ Qxd7 5. 0-0 Nc6 6. c3 Nf6 7. d4 e6 8. d5 Ne5 9. dxe6 Nxf3+ 10. Qxf3 fxe6 11. Rd1 Qc6 12. Nd2 0-0-0 13. Qh3 d5 14. Nf3 Nxe4 15. Ne5 Qe8 16. f3 Nf6 17. Re1 Bd6 18. Nd3 Qh5 19. Qxe6+ Rd7 20. Nf4 Bxf4 21. Bxf4 Re8 22. Qh3 Qxh3 23. gxh3 Rf7 24. Kg2 Kd7 25. Bg3 Rfe7 26. Rxe7+ Rxe7 27. Kf2 Kc6 28. Rd1 Re6 29. Bf4 b5 30. Be3 a5 31. b3 Nd7 32. a3 Ne5 33. b4 cxb4 34. cxb4 Nc4 35. Bd4 g6 36. Rc1 a4 37. Rc3 Re7 38. Rd3 Rf7 39. Bc5 Rf5 40. Bd4 Kd6 41. Ba1 Ke6 42. Bd4 Rf7 43. Ba1 Rc7 44. Bd4 Nd6 45. Re3+ Kf7 46. Bc5 Nf5 47. Re5 Rd7 48. Ke2 Ng7 49. Kd3 Ne6 50. Be3 h5 51. f4 Ng7 52. Bd4 Nf5 53. Bc5 Rd8 54. Bb6 Rd6 55. Bc5 Rd7 56. Bb6 Ne7 57. Bd4 Nf5 58. Bc5 Ng7 59. Bd4 Ne6 60. Be3 Kf6 61. Bd4 Nxd4 62. Kxd4 Rc7 63. Rxd5 Rc4+ 64. Ke3 Rc3+ 65. Rd3 Rc4 66. Rd6+ 1/2-1/2

[Event "Moscow op-A 14th"]
[Site "Moscow"]
[Date "2018.02.01"]
[Round "6"]
[White "Dolsonov, Ayusha"]
[Black "Ivanov, Artem T"]
[Result "1-0"]
[WhiteElo "2218"]
[BlackElo "1903"]
[PlyCount "45"]
[EventDate "2018.01.27"]
[EventType "swiss"]
[EventRounds "9"]
[EventCountry "RUS"]
[SourceTitle "CBM 182 Extra"]
[Source "ChessBase"]
[SourceDate "2018.02.23"]
[SourceVersion "1"]
[SourceVersionDate "2018.02.23"]
[SourceQuality "1"]

1. e4 c5 2. Nf3 e6 3. Nc3 a6 4. a4 Qc7 5. Be2 Nc6 6. 0-0 Nf6 7. Kh1 b6 8. d4 cxd4 9. Nxd4 Bb7 10. f4 d6 11. Be3 Be7 12. Nb3 Nd7 13. f5 Nce5 14. fxe6 fxe6 15. Bh5+ g6 16. Bg4 Nf8 17. Bh3 Rc8 18. Bh6 Nc4 19. Qf3 Ne5 20. Qf2 Rg8 21. Nd4 Qc4 22. Nf3 Nf7 23. Nd2 1-0

[Event "Moscow op-A 13th"]
[Site "Moscow"]
[Date "2017.02.01"]
[Round "5"]
[White "Boiarintsev, Vitaly"]
[Black "Dolsonov, Ayusha"]
[Result "1-0"]
[WhiteElo "2391"]
[BlackElo "2247"]
[PlyCount "83"]
[EventDate "2017.01.28"]
[EventType "swiss"]
[EventRounds "9"]
[EventCountry "RUS"]
[SourceTitle "EXT 2018"]
[Source "ChessBase"]
[SourceDate "2017.10.13"]
[SourceVersion "1"]
[SourceVersionDate "2017.10.13"]
[SourceQuality "1"]

1. e4 c5 2. Nf3 d6 3. d4 cxd4 4. Qxd4 a6 5. Nc3 Nc6 6. Qd3 g6 7. Be3 Nf6 8. Nd5 Nxd5 9. exd5 Ne5 10. Nxe5 dxe5 11. 0-0-0 Bg7 12. d6 Qxd6 13. Qxd6 exd6 14. Rxd6 Be6 15. Be2 Bf8 16. Rb6 Bd5 17. Rd1 Bc6 18. Bf3 e4 19. Bg4 Rd8 20. Be2 Rxd1+ 21. Kxd1 Kd7 22. Bc4 Bd6 23. Bxf7 Rf8 24. Bc4 Bc7 25. Rb3 b5 26. Be2 Bd5 27. Ra3 Ra8 28. c4 b4 29. Rb3 Bc6 30. Ke1 a5 31. Bd4 Bf4 32. Kf1 Ke7 33. a3 Rd8 34. Be3 Bd6 35. c5 Bxh2 36. axb4 Bd5 37. Ra3 axb4 38. Ra7+ Kf6 39. g3 Bg8 40. Kg2 Rd5 41. Ra6+ Ke7 42. Bf4 1-0

[Event "Moscow op-A 13th"]
[Site "Moscow"]
[Date "2017.01.29"]
[Round "2"]
[White "Kharchenko, Boris"]
[Black "Dolsonov, Ayusha"]
[Result "1-0"]
[WhiteElo "2461"]
[BlackElo "2247"]
[PlyCount "83"]
[EventDate "2017.01.28"]
[EventType "swiss"]
[EventRounds "9"]
[EventCountry "RUS"]
[SourceTitle "EXT 2018"]
[Source "ChessBase"]
[SourceDate "2017.10.13"]
[SourceVersion "1"]
[SourceVersionDate "2017.10.13"]
[SourceQuality "1"]

1. e4 c5 2. c3 d5 3. exd5 Qxd5 4. d4 Nc6 5. Nf3 Nf6 6. Be3 cxd4 7. cxd4 Bg4 8. Nc3 Qa5 9. Be2 e6 10. 0-0 Be7 11. h3 Bh5 12. a3 0-0 13. Qb3 Qc7 14. Rac1 Rac8 15. Rfd1 Bg6 16. Ne5 Nxe5 17. dxe5 Qxe5 18. Qxb7 Bd6 19. g3 Bb8 20. Nd5 Rxc1 21. Ne7+ Kh8 22. Rxc1 h6 23. Nxg6+ fxg6 24. Bd3 Nd5 25. Rc8 Bd6 26. Rxf8+ Bxf8 27. Bxa7 Qf6 28. Qc8 Kh7 29. Qc2 Bd6 30. h4 h5 31. Qe2 Kh8 32. Qe4 Ne7 33. Bd4 e5 34. Bc3 Bc5 35. Qe2 Nc6 36. Kg2 Bd4 37. Be1 Ne7 38. b4 Nf5 39. b5 Nd6 40. a4 Qe6 41. Bb4 Qd5+ 42. Qf3 1-0

[Event "Ulan-Ude Bajkal op 11th"]
[Site "Ulan-Ude"]
[Date "2014.07.28"]
[Round "6"]
[White "Dolsonov, Ayusha"]
[Black "Hodjko, Vjaceslav"]
[Result "1/2-1/2"]
[WhiteElo "2176"]
[BlackElo "2319"]
[PlyCount "127"]
[EventDate "2014.07.20"]
[EventType "swiss"]
[EventRounds "9"]
[EventCountry "RUS"]
[SourceTitle "EXT 2015"]
[Source "ChessBase"]
[SourceDate "2014.11.20"]
[SourceVersion "1"]
[SourceVersionDate "2014.11.20"]
[SourceQuality "1"]

1. e4 e6 2. d4 d5 3. Nc3 Bb4 4. e5 c5 5. a3 Ba5 6. b4 cxd4 7. Qxd4 Bc7 8. Nf3 Nc6 9. Bb5 Bd7 10. Qg4 Nxe5 11. Bxd7+ Nxd7 12. Qxg7 Qf6 13. Qxf6 Ngxf6 14. Nb5 Bb8 15. Bb2 a6 16. Nbd4 Rg8 17. 0-0 Ba7 18. Nd2 Rc8 19. Rfc1 Rg4 20. N4f3 Ne4 21. Nxe4 Rxe4 22. Kf1 Rec4 23. Ne1 f6 24. Rd1 Kf7 25. Rd3 h5 26. Rad1 Rg8 27. h3 Ne5 28. R3d2 Rgc8 29. g3 R4c7 30. Re2 Nc4 31. Bc1 b5 32. Rd3 d4 33. f4 Re7 34. c3 dxc3 35. Rxc3 Rd8 36. Kg2 Red7 37. a4 Rd5 38. axb5 axb5 39. Rcc2 Bb6 40. g4 hxg4 41. hxg4 Rd1 42. g5 Ra8 43. Nf3 Ra1 44. Bb2 Ra2 45. gxf6 Rxb2 46. Rxb2 Nxb2 47. Ng5+ Kxf6 48. Rxe6+ Kf5 49. Rxb6 Kxf4 50. Nh3+ Ke3 51. Rxb5 Nd3 52. Rb8 Rb1 53. b5 Nc5 54. Kg3 Kd4 55. Nf4 Ke5 56. Ng6+ Kd6 57. Rb6+ Kd5 58. Ne7+ Kc4 59. Nc8 Na4 60. Rb8 Kc5 61. Na7 Nc3 62. b6 Rxb6 63. Rc8+ Kd4 64. Nc6+ 1/2-1/2

[Event "Ulan-Ude Bajkal op 11th"]
[Site "Ulan-Ude"]
[Date "2014.07.26"]
[Round "3"]
[White "Baldarov, Aur"]
[Black "Dolsonov, Ayusha"]
[Result "0-1"]
[WhiteElo "1856"]
[BlackElo "2176"]
[PlyCount "132"]
[EventDate "2014.07.20"]
[EventType "swiss"]
[EventRounds "9"]
[EventCountry "RUS"]
[SourceTitle "EXT 2015"]
[Source "ChessBase"]
[SourceDate "2014.11.20"]
[SourceVersion "1"]
[SourceVersionDate "2014.11.20"]
[SourceQuality "1"]

1. c4 c6 2. g3 Nf6 3. Bg2 e5 4. d4 e4 5. d5 Bb4+ 6. Bd2 Bxd2+ 7. Qxd2 d6 8. Nc3 cxd5 9. cxd5 Bf5 10. Qf4 Bg6 11. Bxe4 Nxe4 12. Nxe4 0-0 13. Nc3 Qb6 14. Qd2 Nd7 15. Nf3 Nc5 16. 0-0 h6 17. Rfd1 Rfe8 18. b3 Re7 19. Kg2 Rae8 20. Nd4 Ne4 21. Nxe4 Bxe4+ 22. f3 Bxd5 23. e4 Be6 24. Rac1 Kh8 25. Rc2 Bd7 26. Qf4 Kg8 27. Ne2 Re6 28. Rcd2 Qa6 29. Nc3 Qa5 30. Rxd6 Qxc3 31. Rxd7 Rf6 32. Qg4 Qe3 33. R7d3 Qe2+ 34. Kg1 Re5 35. R1d2 Qe1+ 36. Kg2 Rc5 37. Rf2 Rc1 38. Rdd2 Qh1+ 39. Kh3 Rc5 40. Rd5 Rc3 41. e5 Rfxf3 42. Rd8+ Kh7 43. Qe4+ g6 44. Rxf3 Rxf3 45. Qe2 Rf5 46. Rd4 Qc6 47. Rf4 Rh5+ 48. Rh4 Qe6+ 49. Kg2 Rxe5 50. Qf3 Re2+ 51. Kg1 Rxa2 52. Re4 Qd5 53. Rf4 Qxf3 54. Rxf3 Kg7 55. Rc3 Rb2 56. h3 Kf6 57. Re3 b5 58. Kh1 a5 59. Kg1 b4 60. Kh1 Rc2 61. Re1 Rc3 62. Ra1 Rxg3 63. Kh2 Rxb3 64. Rxa5 Re3 65. Rb5 b3 66. Kg1 Rxh3 0-1

[Event "SibFR-ch U18"]
[Site "Tomsk"]
[Date "2008.11.09"]
[Round "9"]
[White "Dolsonov, Ayusha"]
[Black "Veretennikova, Daria"]
[Result "1/2-1/2"]
[WhiteElo "2173"]
[BlackElo "2014"]
[PlyCount "126"]
[EventDate "2008.11.01"]
[EventType "swiss"]
[EventRounds "9"]
[EventCountry "RUS"]
[SourceTitle "EXT 2022"]
[Source "ChessBase"]
[SourceDate "2021.10.06"]
[SourceVersion "1"]
[SourceVersionDate "2021.10.06"]
[SourceQuality "1"]

1. e4 d6 2. d4 Nf6 3. Nc3 e5 4. dxe5 dxe5 5. Qxd8+ Kxd8 6. Bg5 Be6 7. 0-0-0+ Kc8 8. f4 exf4 9. Nf3 Bc5 10. Bxf4 Ng4 11. Rd2 Be3 12. Bxe3 Nxe3 13. Bd3 Nc4 14. Rf2 Nd7 15. Bxc4 Bxc4 16. Rd1 f6 17. Nd4 Re8 18. Nf5 g6 19. Ne3 Be6 20. Ncd5 Bxd5 21. Nxd5 Re6 22. Rfd2 Rd6 23. c4 b6 24. Ne7+ Kd8 25. Nd5 Kc8 26. Rf2 Kb7 27. Rdf1 Re8 28. Nc3 Nc5 29. Rxf6 Rxf6 30. Rxf6 Nxe4 31. Rf3 Nxc3 32. Rxc3 Re2 33. Rc2 Re5 34. Kd2 Kc6 35. Kd3 Kc5 36. Rf2 Re7 37. a3 a5 38. b3 c6 39. Rb2 Re1 40. b4+ axb4 41. axb4+ Kd6 42. Rf2 Rb1 43. Rf6+ Kd7 44. Rf7+ Ke6 45. Rxh7 Rxb4 46. Rh6 Kf6 47. Kc3 Rb1 48. Rh3 Rc1+ 49. Kb3 Rg1 50. Rg3 Re1 51. Rf3+ Ke6 52. h3 Re2 53. g4 Rg2 54. Re3+ Kf6 55. Kc3 Rg1 56. Kd4 Rd1+ 57. Ke4 Rc1 58. Kd3 Rd1+ 59. Kc2 Rg1 60. Rb3 Rg2+ 61. Kd1 Rg1+ 62. Ke2 Rg2+ 63. Kd1 Rg1+ 1/2-1/2

[Event "Sibiria Region-ch"]
[Site "Novokuznetsk"]
[Date "2008.03.20"]
[Round "8"]
[White "Vladimirov, Mikhail"]
[Black "Dolsonov, Ayusha"]
[Result "0-1"]
[WhiteElo "2195"]
[BlackElo "2095"]
[PlyCount "132"]
[EventDate "2008.03.13"]
[EventType "swiss"]
[EventRounds "9"]
[EventCountry "RUS"]
[SourceTitle "CBM 123 Extra"]
[Source "ChessBase"]
[SourceDate "2008.05.06"]
[SourceVersion "1"]
[SourceVersionDate "2008.05.06"]
[SourceQuality "1"]

1. e4 c5 2. Nf3 d6 3. d4 cxd4 4. Nxd4 Nf6 5. Nc3 a6 6. Bg5 e6 7. Be2 Be7 8. 0-0 0-0 9. f4 Nc6 10. Kh1 h6 11. Bh4 Qc7 12. Bf2 Bd7 13. Nf3 b5 14. e5 dxe5 15. fxe5 Nxe5 16. Nxe5 Qxe5 17. Bg3 Qe3 18. Bf3 Rad8 19. Bc7 Rc8 20. Re1 Qc5 21. Be5 Bc6 22. Bd4 Qd6 23. Ne4 Bxe4 24. Bxe4 Nxe4 25. Rxe4 Rfd8 26. Qg4 Bf8 27. Bf6 Rd7 28. Rd4 Qc6 29. Rxd7 Qxd7 30. Rd1 Qc6 31. c3 Qc4 32. Qxc4 Rxc4 33. Be5 Re4 34. Bg3 Kh7 35. Rd2 Bc5 36. h3 f5 37. b4 Be7 38. Rd7 Bf6 39. Rd3 Re2 40. a4 bxa4 41. c4 Bb2 42. b5 axb5 43. cxb5 a3 44. b6 a2 45. Rd1 a1Q 46. Rxa1 Bxa1 47. b7 Rb2 48. b8Q Rxb8 49. Bxb8 Bd4 50. g3 Kg6 51. Kg2 Kf6 52. Bd6 e5 53. Bb4 g5 54. Bf8 h5 55. Bb4 f4 56. Kf3 fxg3 57. Kxg3 Kf5 58. Bd2 e4 59. Bb4 Be5+ 60. Kf2 Bf4 61. Ba5 e3+ 62. Kf3 g4+ 63. Kg2 Ke4 64. Be1 Kd3 65. Kf1 e2+ 66. Kg2 Bd2 0-1